Ewige Tabelle der Serie A (Italien) - Statistiken

Allgemein
  • Dieses Quiz wurde 376 mal gespielt
  • Das Durchschnittsergebnis liegt bei 27 aus 69
Antwortstatistiken
Punkte Verein % Korrekt
5.481 Inter Mailand
100%
5.737 Juventus Turin
100%
5.213 AC Mailand
99%
4.759 AS Rom
97%
3.906 Lazio Rom
96%
3.957 SSC Neapel
94%
4.239 AC Florenz
87%
2.333 Genua CFC
86%
2.690 Atalanta Bergamo
85%
420 Venezia FC
79%
1.206 Palermo FC
78%
3.537 FC Bologna
75%
1.339 Parma Calcio 1913
75%
3.735 FC Turin
71%
2.208 Udinese Calcio
70%
1.158 Hellas Verona
66%
1.724 Cagliari Calcio
63%
566 US Lecce
63%
1.071 SSC Bari
62%
52 AC Monza
61%
2.964 Sampdoria Genua
58%
484 US Sassuolo
54%
203 Pisa Sporting Club
52%
461 Como 1907
51%
667 Catania FC
49%
161 US Salernitana 1919
47%
808 Brescia Calcio
43%
740 Chievo Verona
43%
559 FC Empoli
42%
515 Modena FC
37%
106 Spezia Calcio
37%
168 Delfino Pescara 1936
33%
56 Frosinone Calcio
30%
514 AC Perugia Calcio
29%
172 ACR Messina
29%
228 US Cremonese
29%
54 Benevento Calcio
28%
724 SPAL
28%
349 ACN Siena
25%
399 Cesena FC
24%
1.188 LR Vicenza
23%
38 US Ancona
22%
399 Calcio Foggia 1920
20%
286 Piacenza Calcio 1919
20%
520 Ascoli Calcio
19%
92 FC Crotone
19%
504 Novara FC
19%
677 Calcio Padova
18%
352 Reggina 1914
18%
202 US Catanzaro
16%
38 AC Carpi
15%
78 AC Reggiana 1919
14%
236 FC Pro Vercelli 1892
14%
341 US Avellino 1912
14%
1.038 US Triestina
14%
92 Calcio Lecco 1912
11%
42 Ternana Calcio
11%
517 US Alessandria Calcio 1912
10%
191 Varese Calcio
10%
232 Mantova 1911
9%
21 Treviso FBC 1993
9%
457 Aurora Pro Patria
4%
123 Citta di Casale
4%
325 Lucchese 1905
4%
22 US Pistoiese 1921
4%
171 Associazione Calcio Liguria
3%
78 Legnano AC
1%
685 US Liverno 1915
1%
99 SG Sampierdarenese
0%
Keine übereinstimmenden Quizze gefunden
Verteilung der Resultate
Anzahl Personen mit jedem Resultat
Perzentil nach korrekt beantworteten Fragen
Ihre Resultats-Entwicklung
Sie haben dieses Quiz noch nicht gespielt